The government and politics of India
Đã lưu trong:
| Tác giả chính: | |
|---|---|
| Định dạng: | Sách |
| Ngôn ngữ: | Undetermined |
| Được phát hành: |
London
Hutchinson
1971
|
| Những chủ đề: | |
| Các nhãn: |
Thêm thẻ
Không có thẻ, Là người đầu tiên thẻ bản ghi này!
|
| Thư viện lưu trữ: | Trung tâm Học liệu Trường Đại học Cần Thơ |
|---|
| LEADER | 00531nam a2200205Ia 4500 | ||
|---|---|---|---|
| 001 | CTU_90770 | ||
| 008 | 210402s9999 xx 000 0 und d | ||
| 082 | |a 320.954 | ||
| 082 | |b M875 | ||
| 100 | |a W. H. Morris-Jones | ||
| 245 | 4 | |a The government and politics of India | |
| 245 | 0 | |c W. H. Morris-Jones | |
| 260 | |a London | ||
| 260 | |b Hutchinson | ||
| 260 | |c 1971 | ||
| 650 | |a India | ||
| 650 | |x Politics and government | ||
| 650 | |y 1947 | ||
| 904 | |i Nguyên | ||
| 980 | |a Trung tâm Học liệu Trường Đại học Cần Thơ | ||